Reconquista urbana en América Central: Acciones del Banco Interamericano de Desarrollo en la producción urbano-territorial en Costa Rica y Panamá/
En Latinoamérica los gobiernos locales, los organismos internacionales y los inversores tienen un creciente interés en la intervención y la transformación de las áreas centrales de las ciudades. En este artículo se exploran las acciones del Banco Interamericano de Desarrollo a través del estudio de...
Na minha lista:
| Autor principal: | |
|---|---|
| Formato: | Livro |
| Idioma: | Spanish |
| Publicado em: |
San Cristóbal de la Casas Chiapas, México
CESMECA
2020
|
| Assuntos: | |
| Acesso em linha: | https://repositorio.iis.ucr.ac.cr/handle/123456789/613 |
| Tags: |
Adicionar Tag
Sem tags, seja o primeiro a adicionar uma tag!
|
MARC
| LEADER | 00000nam a22000007a 4500 | ||
|---|---|---|---|
| 003 | cru CIDCACS/IIS | ||
| 005 | 20230704165239.0 | ||
| 008 | 230704b2020 cr ||||| |||| 00| 0 spa d | ||
| 022 | |2 1665-8027 | ||
| 040 | |c cru CIDCACS/IIS | ||
| 090 | |a 05.02.01 C397l | ||
| 100 | 1 | |9 11523 |a Jiménez Corrales, Andrés | |
| 245 | |a Reconquista urbana en América Central: |b Acciones del Banco Interamericano de Desarrollo en la producción urbano-territorial en Costa Rica y Panamá/ |c Andrés Jiménez-Corrales | ||
| 260 | |a San Cristóbal de la Casas Chiapas, México |b CESMECA |c 2020 | ||
| 300 | |a 17-28 páginas | ||
| 520 | |a En Latinoamérica los gobiernos locales, los organismos internacionales y los inversores tienen un creciente interés en la intervención y la transformación de las áreas centrales de las ciudades. En este artículo se exploran las acciones del Banco Interamericano de Desarrollo a través del estudio de los diagnósticos y los planes de acción para la producción y transformación urbano-territorial de San José, capital de Costa Rica, y Ciudad de Panamá. Se utiliza una metodología de revisión y análisis documental de los productos generados por el BID. Los resultados demuestran cómo la banca multilateral desarrolla un proyecto de producción urbano-territorial que genera condiciones que permiten la atracción de inversiones, siendo esto una expresión de urbanismo neoliberal. | ||
| 650 | 0 | |9 744 |a ZONAS URBANAS | |
| 650 | 0 | |9 1191 |a PLANIFICACION URBANA | |
| 650 | 0 | |9 617 |a CIUDADES | |
| 650 | 0 | |9 10485 |a INDUSTRIA DE LA CONSTRUCCION | |
| 650 | 0 | |9 1180 |a DESARROLLO URBANO | |
| 650 | 0 | |9 3521 |a INVERSIONES PRIVADAS | |
| 773 | 0 | |0 45152 |9 9495 |a Universidad de Ciencias y Artes de Chiapas. Centro de Estudios Supreriores de México y Centroamérica |d San Cristobal de las Casas, Chiapas, México SEMECA 2020 |o 23360 |t Liminar |x 1665-8027 |g Vol. XVIII, No. 2(Julio-diciembre de 2020), páginas 17-26 | |
| 856 | |u https://repositorio.iis.ucr.ac.cr/handle/123456789/613 | ||
| 942 | |2 z |c PP | ||
| 999 | |c 45164 |d 45164 | ||
